|
|
|
|
| LEADER |
02740nam a22004457i 4500 |
| 001 |
44385 |
| 003 |
BD-DhAAL |
| 005 |
20251019104601.0 |
| 007 |
cr ||||||||||| |
| 008 |
250423t2012 th ob f000 0 eng d |
| 010 |
|
|
|a 2013341754
|
| 040 |
|
|
|a DLC
|b eng
|e rda
|c DLC
|d BD-DhAAL
|
| 042 |
|
|
|a lcode
|
| 043 |
|
|
|a a-th---
|
| 050 |
0 |
0 |
|a RA541.T5
|
| 082 |
|
|
|a 362.109593
|2 23
|
| 245 |
1 |
0 |
|a 10 :
|b ten-year review of Thai Health Promotion Foundation.
|g Nov. 2001-Nov. 2011 /
|c Rhonda Galbally ... [et al.].
|
| 246 |
3 |
|
|a Ten
|
| 246 |
3 |
0 |
|a Ten-year review of Thai Health Promotion Foundation, Nov. 2001-Nov. 2011
|
| 260 |
|
|
|a Bangkok, Thailand :
|b Thai Health Promotion Foundation,
|c 2012.
|
| 300 |
|
|
|a 181 pages :
|b color illustrations ;
|c 26 cm
|
| 504 |
|
|
|a Includes bibliographical references.
|
| 505 |
0 |
|
|a Thailand, a world leader in health promotion -- Major risk factor control programs funded by Thaihealth, achievements and challenges -- Promoting health in communities and organizations -- Methods and approaches to achieve health in all policies -- How Thaihealth facilitates capacity building, evaluation and innovation -- Strengthening governance and operations -- The way forward.
|
| 541 |
|
|
|a Complimentary copy from Dr. Ahmed Mushtaque Raza Chowdhury (Former Vice Chairperson of BRAC)
|e 44385, 44386
|
| 546 |
|
|
|a In English.
|
| 650 |
|
0 |
|a Public health
|z Thailand.
|9 58134
|
| 650 |
|
0 |
|a Health promotion
|z Thailand.
|9 58135
|
| 650 |
|
0 |
|a Medical policy
|z Thailand.
|9 58136
|
| 700 |
|
|
|a Galbally, Rhonda,
|e author.
|9 58137
|
| 700 |
|
|
|a Fidler, Armin,
|e author.
|9 58138
|
| 700 |
|
|
|a Chowdhury, A. M. Raza,
|e author.
|
| 700 |
|
|
|a Tang, K. C.
|e author.
|9 58139
|
| 700 |
|
|
|a Good, Suvajee,
|e author.
|9 58140
|
| 700 |
|
|
|a Tantivess, Sripen,
|e author.
|9 58141
|
| 710 |
1 |
|
|a Thailand.
|b Samnakngān Kōngthun Sanapsanun Kānsāngsœ̄m Sukkhaphāp,
|e issuing body
|e publisher.
|9 58142
|
| 852 |
|
|
|a Ayesha Abed Library
|c General Stacks
|
| 942 |
|
|
|2 ddc
|c BK
|
| 999 |
|
|
|c 47285
|d 47285
|
| 952 |
|
|
|0 0
|1 0
|2 ddc
|4 0
|6 362_109593000000000_TEN
|7 1
|9 77636
|a BRACUL
|b BRACUL
|c AMRC
|d 2025-04-23
|e Complimentary copy from Dr. Ahmed Mushtaque Raza Chowdhury (Former Vice Chairperson of BRAC)
|l 0
|o 362.109593 TEN
|p 3010044385
|r 2025-04-23
|t 1
|w 2025-04-23
|y BK
|x Complimentary copy received from Dr. Ahmed Mushtaque Raza Chowdhury (Former Vice Chairperson of BRAC) on 17 April 2025
|
| 952 |
|
|
|0 0
|1 0
|2 ddc
|4 0
|6 362_109593000000000_TEN
|7 1
|9 77637
|a BRACUL
|b BRACUL
|c AMRC
|d 2025-04-23
|e Complimentary copy from Dr. Ahmed Mushtaque Raza Chowdhury (Former Vice Chairperson of BRAC)
|l 0
|o 362.109593 TEN
|p 3010044386
|r 2025-04-23
|t 2
|w 2025-04-23
|y BK
|x Complimentary copy received from Dr. Ahmed Mushtaque Raza Chowdhury (Former Vice Chairperson of BRAC) on 17 April 2025
|